| 000 | 01002cam a2200325Ii 4500 | ||
|---|---|---|---|
| 001 | 11092 | ||
| 003 | BD-RjUL | ||
| 005 | 20211208235053.0 | ||
| 008 | 140126s1976 ne a b 001 0 eng d | ||
| 020 | _a0444410945 | ||
| 035 | _a(BD-RjUL)11141 | ||
| 040 |
_aIAO _cIAO _dMYG _dBD-RjUL _beng |
||
| 041 | _aeng | ||
| 082 |
_a551.8 _bLEP 1976 |
||
| 090 |
_aQE511.4 _b.L596 1976 |
||
| 099 | _aQE511.4.L596 1976 | ||
| 100 | 1 |
_aLe Pichon, Xavier. _934286 |
|
| 245 | 1 | 0 |
_aPlate tectonics / _cXavier Le Pichon, Jean Francheteau and Jean Bonnin. |
| 250 | _a2d ed. | ||
| 260 |
_aAmsterdam ; _aNew York : _bElsevier Scientific Pub. Co., _cc976. |
||
| 300 |
_axii, 311 p. : _bill. ; _c24 cm. |
||
| 490 | 1 |
_aDevelopments in geotectonics ; _v6 |
|
| 504 | _aBibliography: p. [279]-300. and index. | ||
| 650 | 0 |
_aPlate tectonics. _934287 |
|
| 700 | 1 |
_aFrancheteau, Jean. _934289 |
|
| 700 | 1 |
_aBonnin, J. _934290 |
|
| 830 | 0 |
_v6. _9160113 |
|
| 830 | 0 |
_aDevelopments in geotectonics ; _9160114 |
|
| 942 |
_2ddc _cBK |
||
| 999 |
_c11092 _d11092 |
||